Lab manual to accompany the electronics trainer circuit board (eTCB) system

Uloženo v:
Podrobná bibliografie
Hlavní autor: Sapijaszko, Carlo
Médium: Kniha
Jazyk:Undetermined
Vydáno: New York Thomson Delmar Learning 2006
Témata:
Tagy: Přidat tag
Žádné tagy, Buďte první, kdo otaguje tento záznam!
Thư viện lưu trữ: Trung tâm Học liệu Trường Đại học Cần Thơ
LEADER 00546nam a2200181Ia 4500
001 CTU_117953
008 210402s9999 xx 000 0 und d
082 |a 621.381 
082 |b S241 
100 |a Sapijaszko, Carlo 
245 0 |a Lab manual to accompany the electronics trainer circuit board (eTCB) system 
245 0 |c Carlo Sapijaszko 
260 |a New York 
260 |b Thomson Delmar Learning 
260 |c 2006 
650 |a electric engineering,electronics 
904 |i Năm 
980 |a Trung tâm Học liệu Trường Đại học Cần Thơ